000 00253nam a2200097Ia 4500
001 1003388
005 20250826230448.0
008 250824s9999 xx 000 0 und d
245 0 _aGÜLÜŞÜN LİLİŞİ
_cABDURRAHMAN KOÇ
260 _bAKVARYUM YAYINLARI
999 _c1003388
_d1003388